Olympics medal table - Handball - Statistics

General Stats
  • This quiz has been taken 49 times
  • The average score is 12 of 15
Answer Stats
Total Gold Silver Bronze Nation % Correct
7 4 2 1 France
98%
7 2 2 3 Norway
93%
5 0 4 1 Sweden
91%
4 4 1 0 Denmark
89%
3 1 1 1 East Germany
87%
3 1 1 1 Germany
87%
5 0 0 5 Spain
87%
5 2 2 1 Russia
76%
3 2 0 1 Croatia
71%
6 4 1 1 Soviet Union
71%
2 1 0 1 Unified Team
71%
5 3 1 1 Yugoslavia
69%
3 0 1 2 Hungary
64%
4 0 1 3 Romania
62%
7 2 4 1 South Korea
44%
No matching quizzes found
Score Distribution
Percent of People with Each Score
Percentile by Number Answered
Your Score History
You have not taken this quiz